| 000 | 00547nam a2200193Ia 4500 | ||
|---|---|---|---|
| 005 | 20250326141916.0 | ||
| 008 | 250326s9999 xx 000 0 und d | ||
| 020 | _a1-85251-146-X | ||
| 037 | _aTextbook | ||
| 040 |
_aFMSL _beng _cFMSL |
||
| 041 |
_aeng _2eng |
||
| 084 |
_aX:87 N2 _qFMSL |
||
| 100 |
_aHeller R _9276475 |
||
| 245 | 0 |
_aSuperchiefs: people principles and practice of the new management _cHeller R |
|
| 260 |
_aLondon _bLondon, Mercury _c1992 |
||
| 300 | _a335p | ||
| 942 |
_cTB _hX:87 N2 |
||
| 999 |
_c1292557 _d1292557 |
||